[Event "Challenge"]
[Site "http://www.queenalice.com/game.php?id=729616"]
[Date "2010.2.10"]
[Round "-"]
[White "marcovidica"]
[Black "Fernandoventura"]
[Result "0-1"]
[WhiteElo "2035"]
[BlackElo "1939"]

1. e4 c5 2. Bc4 Nc6 3. c3 Nf6 4. d3 e6 5. Bb5 a6 6. Bxc6 bxc6 7. Nf3 Be7 8. O-O
O-O 9. e5 Nd5 10. c4 Nb6 11. Qb3 d5 12. exd6 Bxd6 13. Nc3 Rb8 14. Ne4 Nd5 15.
Qd1 Nf6 16. Nxd6 Qxd6 0-1

[Event "AUTO-MASTER-1041"]
[Site "http://www.queenalice.com/game.php?id=730386"]
[Date "2010.2.11"]
[Round "1"]
[White "atalan"]
[Black "marcovidica"]
[Result "0-1"]
[WhiteElo "2128"]
[BlackElo "1979"]

1. e4 c5 2. d4 cxd4 3. c3 dxc3 4. Nxc3 e5 5. Bc4 Qc7 6. Qb3 d6 7. Nd5 Qd7 8. Nf3
Nc6 9. Bb5 f5 10. Ng5 fxe4 11. Ne6 Rb8 12. Ndc7+ Ke7 13. Be3 b6 14. Rc1 Bb7 15.
Qa4 Nf6 16. Bxc6 Bxc6 17. Rxc6 Rb7 18. Bg5 h6 19. Bxf6+ gxf6 20. Qxe4 Bg7 0-1

[Event "AUTO-MASTER-1041"]
[Site "http://www.queenalice.com/game.php?id=730387"]
[Date "2010.2.11"]
[Round "1"]
[White "marcovidica"]
[Black "atalan"]
[Result "1-0"]
[WhiteElo "2001"]
[BlackElo "2112"]

1. e4 d6 2. d4 Nf6 3. Nc3 c6 4. Bg5 Nbd7 5. Qd2 e5 6. dxe5 dxe5 7. O-O-O h6 8.
Bxf6 Qxf6 9. Nf3 Bc5 10. a3 O-O 11. h3 b5 12. Be2 a5 13. Na2 b4 14. a4 Rb8 15.
b3 Qe7 16. Ba6 Nf6 17. Bd3 Rb7 18. Qe2 Rd7 19. Nd2 Bd4 20. Nc4 Qc5 21. f3 1-0

[Event "AUTO-MASTER-1041"]
[Site "http://www.queenalice.com/game.php?id=730400"]
[Date "2010.2.11"]
[Round "1"]
[White "Giant"]
[Black "marcovidica"]
[Result "1-0"]
[WhiteElo "2205"]
[BlackElo "1994"]

1. e4 c5 2. Nf3 Nc6 3. Bc4 Nf6 4. d3 e6 5. O-O Bd6 6. a4 O-O 7. Nc3 Ne5 8. Nxe5
Bxe5 9. Bg5 h6 10. Bh4 d6 11. f4 Bd4+ 12. Kh1 Bd7 13. a5 b6 14. Ne2 Bxb2 15. Rb1
b5 16. Bb3 Bd4 17. Nxd4 cxd4 18. e5 dxe5 19. fxe5 Qxa5 20. exf6 g6 21. Qg4 Qb6
22. Be1 a5 23. Qh4 Kh7 24. Bd2 g5 25. Bxg5 Kg8 26. Qxh6 a4 27. Qg7# 1-0

[Event "AUTO-MASTER-1041"]
[Site "http://www.queenalice.com/game.php?id=730401"]
[Date "2010.2.11"]
[Round "1"]
[White "marcovidica"]
[Black "Giant"]
[Result "0-1"]
[WhiteElo "2021"]
[BlackElo "2164"]

1. e4 e5 2. Nf3 Nf6 3. d4 Nxe4 4. Bd3 d5 5. Nxe5 Nf6 6. Nf3 Be7 7. O-O O-O 8.
Nc3 h6 9. h3 b6 10. Bf4 c5 11. Qd2 c4 12. Be2 Bb4 13. Ne5 Bf5 14. Bf3 Be4 15.
Qe2 Bxf3 16. Qxf3 Bxc3 17. bxc3 b5 18. a4 g5 19. Be3 bxa4 20. Rxa4 Ne4 21. Nxc4
Nd7 22. Nd2 Nxc3 23. Ra6 Nb6 24. Bxg5 Qxg5 25. Qxc3 Rac8 26. Qa5 Rxc2 27. Nf3
Qh5 28. Re1 Nc4 29. Qc7 Kh7 30. Ree6 Rc1+ 31. Kh2 Nb6 32. Qxc1 fxe6 33. Rxa7+
Kg8 34. Qc7 Qf7 35. Qxb6 Qf4+ 36. Kh1 Qc1+ 37. Ng1 Qc8 38. Rc7 Qe8 39. Nf3 Qg6
40. Re7 Rf6 0-1

[Event "AUTO-MASTER-1041"]
[Site "http://www.queenalice.com/game.php?id=730410"]
[Date "2010.2.11"]
[Round "1"]
[White "marcovidica"]
[Black "duro63"]
[Result "1-0"]
[WhiteElo "1960"]
[BlackElo "2094"]

1. e4 e6 2. Nf3 d6 3. Be2 b6 4. O-O g6 5. d4 Bg7 6. Bg5 Ne7 7. Qd2 h6 8. Be3 Nd7
9. Nc3 a6 10. Bc4 Bb7 11. a4 a5 12. Kh1 Nf6 13. d5 exd5 14. exd5 O-O 15. Bxh6
Qd7 16. Rad1 Rfe8 17. Bxg7 Kxg7 18. Bb5 Qg4 19. Bxe8 Rxe8 20. h3 Rh8 21. Kg1 Qf5
22. Rfe1 Nexd5 23. Ne2 Nb4 24. Nfd4 Qc5 25. Nc3 Qh5 26. Re7 Bc8 27. Rxc7 Nbd5
28. Nxd5 Nxd5 29. Nf5+ Qxf5 30. Qxd5 Qxd5 31. Rxd5 Rd8 32. Rb5 Ba6 33. Rxb6 Be2
34. Rbb7 Rf8 35. Ra7 Kg8 36. Rxa5 Rb8 37. b3 Rd8 38. Rd5 Ba6 39. Rc6 Bb7 40.
Rdxd6 Ra8 41. Rb6 Be4 42. c3 Kf8 43. h4 Bf5 44. g3 Be4 45. g4 Rc8 46. c4 Ke7 47.
h5 gxh5 48. gxh5 Rc5 49. Rh6 Rg5+ 50. Kf1 Bg2+ 51. Ke2 Re5+ 52. Kd3 Rf5 53. Ke3
Rf3+ 54. Ke2 Rh3 55. Rb5 Bf3+ 56. Kd2 Rh2 57. Kc3 Bg4 58. f4 Rf2 59. Re5+ Kf8
60. Rf6 Kg7 61. Rd6 Rxf4 62. h6+ Kh7 63. a5 f6 64. Re8 Kxh6 65. a6 Bf3 66. a7
Rf5 67. a8=Q Bxa8 68. Rxa8 Kg6 69. Kb4 Kf7 70. c5 Rf4+ 71. Kb5 Rf3 72. b4 Rf5
73. Kb6 Rf4 74. b5 Rc4 75. Ra7+ Kg6 76. c6 Kg5 77. c7 f5 78. Rc6 Rxc6+ 79. Kxc6
f4 80. c8=Q 1-0

[Event "AUTO-MASTER-1041"]
[Site "http://www.queenalice.com/game.php?id=730411"]
[Date "2010.2.11"]
[Round "1"]
[White "duro63"]
[Black "marcovidica"]
[Result "1/2-1/2"]
[WhiteElo "2097"]
[BlackElo "1962"]

1. e3 e5 2. d3 Bc5 3. g3 Nf6 4. Bg2 O-O 5. Ne2 d5 6. b3 Bg4 7. h3 Bxe2 8. Qxe2
Nc6 9. Bb2 d4 10. e4 a5 11. a4 Qe7 12. O-O Rad8 13. Nd2 Bb4 14. Nc4 Qc5 15. Rfc1
Kh8 16. c3 dxc3 17. Bxc3 Bxc3 18. Rxc3 Nd4 19. Qb2 Qb4 20. Rac1 b5 21. Nxe5 bxa4
22. Rxc7 Qxb3 23. Qd2 Rde8 24. Nc6 Nxc6 25. R7xc6 Rd8 26. R1c3 Qb5 27. Qc2 Rd4
28. Rc8 Rg8 29. R8c5 Qb4 30. f4 Nd7 31. Rc7 Rd8 32. e5 Qb6 33. Kh2 Kg8 34. Rb7
Qe6 35. Rcc7 a3 36. Qc3 Nf8 37. Rxf7 Qxf7 38. Rxf7 Kxf7 39. f5 Rxd3 40. e6+ Nxe6
41. fxe6+ Kxe6 42. Qxg7 R8d7 43. Qg4+ Kd6 44. Qf5 Kc7 45. Qxa5+ Kb8 46. Qb6+ Kc8
47. Bf1 Rd2+ 48. Kg1 Rd1 49. Qc5+ Rc7 50. Qf8+ Kd7 51. Qxa3 Rcc1 52. Qa4+ Ke6
53. Qa6+ Ke5 54. Kg2 Rxf1 55. Qxf1 Rxf1 56. Kxf1 Kf5 57. Kf2 Ke4 58. Ke2 h6 59.
Kf2 Ke5 60. Kf3 h5 61. g4 h4 62. Ke3 Kf6 63. Kf4 Kg6 64. g5 Kh5 65. g6 Kxg6 66.
Kg4 Kh6 67. Kxh4 Kg6 68. Kg4 Kh6 69. h4 Kg6 70. h5+ Kh6 71. Kh4 Kg7 72. Kg5 Kh7
73. h6 Kh8 74. Kg6 Kg8 75. h7+ Kh8 76. Kh6 1/2-1/2

[Event "Challenge"]
[Site "http://www.queenalice.com/game.php?id=734121"]
[Date "2010.2.19"]
[Round "-"]
[White "marcovidica"]
[Black "bomfim"]
[Result "1/2-1/2"]
[WhiteElo "1986"]
[BlackElo "2179"]

1. e4 e6 2. Nf3 d5 3. exd5 exd5 4. d4 Nf6 5. Bd3 Be7 6. O-O O-O 7. Nc3 Bg4 8.
Bf4 c6 9. h3 Bh5 10. g4 Bg6 11. Bxg6 hxg6 12. Qd3 Bd6 13. Ne5 Bxe5 14. dxe5 Nfd7
15. Kh1 Na6 16. g5 Re8 17. Rfe1 Nac5 18. Qg3 Ne6 19. Bd2 Qb6 20. b3 Ndc5 21. Qh4
d4 22. Ne4 Nxe4 23. Qxe4 c5 24. a4 Rac8 25. Rad1 c4 26. a5 Qb5 27. bxc4 Qxc4 28.
Rc1 Nc5 29. Qf3 d3 30. cxd3 Qxd3 31. Qe3 Qd5+ 32. Kg1 Nd3 33. Rxc8 Rxc8 34. Re2
Re8 35. Bc3 b6 36. Rd2 Rd8 37. axb6 axb6 38. Qxb6 Rd7 39. Qe3 Qc4 40. Bb2 Nc5
41. Qc3 Qxc3 42. Bxc3 Rxd2 43. Bxd2 Nd3 44. f4 Kf8 45. Be3 Ke7 46. Kf1 Ke6 47.
Ke2 Nb4 48. Bc5 Nd5 49. Kf3 Kf5 50. Be3 Nc3 1/2-1/2

[Event "wiking"]
[Site "http://www.queenalice.com/game.php?id=740813"]
[Date "2010.3.4"]
[Round "3"]
[White "thw"]
[Black "marcovidica"]
[Result "1/2-1/2"]
[WhiteElo "1924"]
[BlackElo "1997"]

1. e4 e5 2. Nf3 Nf6 3. Nxe5 Qe7 4. Nf3 Qxe4+ 5. Qe2 d5 6. Nc3 Qe7 7. d4 Be6 8.
Bg5 Nc6 9. O-O-O O-O-O 10. g3 h6 11. Bxf6 Qxf6 12. Ne5 Bb4 13. Nxc6 bxc6 14.
Qa6+ Kd7 15. f4 Bxc3 16. bxc3 Bg4 17. Re1 Ra8 18. h3 Bf5 19. Bg2 Qg6 20. Re3
Bxc2 21. Rhe1 Be4 22. Bxe4 dxe4 23. Rxe4 Qf6 24. Qe2 Kc8 25. Qa6+ Kd7 26. Qe2
Kc8 27. Qa6+ 1/2-1/2

[Event "Challenge"]
[Site "http://www.queenalice.com/game.php?id=748388"]
[Date "2010.3.19"]
[Round "-"]
[White "marechaldoar"]
[Black "marcovidica"]
[Result "0-1"]
[WhiteElo "1593"]
[BlackElo "1958"]

1. e4 c5 2. Nf3 d6 3. d4 cxd4 4. Nxd4 e5 5. Nb3 Nf6 6. Nc3 Be7 7. Be2 Nc6 8. Be3
O-O 9. O-O Be6 10. f4 exf4 11. Rxf4 a6 12. Nd4 Nxd4 13. Bxd4 b5 14. a3 Nd7 15.
Nd5 Bxd5 16. exd5 Bf6 17. Bg4 Be5 18. Rf3 Nf6 19. Bf5 g6 20. Bxe5 dxe5 21. Bd3
Qb6+ 22. Kh1 e4 23. Rxf6 Qxf6 24. Bxe4 Qe5 25. Qf3 Rad8 0-1

[Event "wiking"]
[Site "http://www.queenalice.com/game.php?id=761074"]
[Date "2010.4.14"]
[Round "4"]
[White "marcovidica"]
[Black "kiwinap"]
[Result "0-1"]
[WhiteElo "1994"]
[BlackElo "2024"]

1. e4 e5 2. f4 exf4 3. Nf3 Be7 4. d4 Bh4+ 5. Ke2 Qe7 6. Nc3 d5 7. e5 Bg4 8. Nxd5
Bxf3+ 9. Kxf3 Qd7 10. c4 Ne7 11. Qb3 Nbc6 12. Qxb7 Nxd4+ 13. Ke4 Qf5+ 14. Kxd4
O-O 15. Nxe7+ Bxe7 16. Qxc7 Bb4 17. Kd5 Rfd8+ 18. Qxd8+ Rxd8+ 19. Kc6 Qd7# 0-1

[Event "Challenge"]
[Site "http://www.queenalice.com/game.php?id=834093"]
[Date "2010.9.17"]
[Round "-"]
[White "marcovidica"]
[Black "cardosorafael"]
[Result "1/2-1/2"]
[WhiteElo "2037"]
[BlackElo "1907"]

1. e4 e5 2. Nf3 Nc6 3. Bb5 a6 4. Bxc6 dxc6 5. d3 Bd6 6. O-O Bg4 7. Be3 Nf6 8. c4
c5 9. Nc3 Qe7 10. h3 Bh5 11. Qb3 c6 12. Nd2 O-O 13. Bg5 Rab8 14. Bxf6 Qxf6 15.
Qb6 Qe7 16. Na4 Be2 17. Rfc1 Bxd3 18. Qb3 b5 19. Qxd3 bxa4 20. a3 Rxb2 21. Rcb1
Rfb8 22. Rxb2 Rxb2 23. Rb1 Qb7 24. Rxb2 Qxb2 25. Qxd6 g6 26. Qxc6 Qxd2 27. Qe8+
Kg7 28. Qxe5+ Kg8 29. Qe8+ Kg7 30. Qxa4 Qc1+ 31. Kh2 Qf4+ 1/2-1/2

[Event "AUTO-ADV-1917"]
[Site "http://www.queenalice.com/game.php?id=838717"]
[Date "2010.9.27"]
[Round "1"]
[White "marcovidica"]
[Black "Mick_Gray"]
[Result "1-0"]
[WhiteElo "1996"]
[BlackElo "1883"]

1. e4 c6 2. d4 d5 3. e5 c5 4. Bb5+ Bd7 5. Bxd7+ Nxd7 6. c3 Qb6 7. Nf3 e6 8. O-O
cxd4 9. cxd4 f6 10. exf6 Ngxf6 11. a3 Bd6 12. Qe2 O-O 13. Qxe6+ Rf7 14. Ng5 Rf8
15. Nxf7 Bxh2+ 16. Kxh2 Qxe6 17. Ng5 Ng4+ 18. Kg1 Qe2 19. Nc3 Qc2 20. Nh3 Ndf6
21. f3 Nh6 22. Rf2 Qd3 23. Bxh6 gxh6 24. Rd1 Qg6 25. Nf4 Qg5 26. Ne6 Qh4 27.
Nxf8 Kxf8 28. Ne2 Nh5 29. Rc1 Qd8 30. g4 Ng7 31. Nc3 Ne6 32. Rd1 Nf4 33. Rh2 Qg5
34. Ne2 Kg7 35. Nxf4 Qxf4 36. Kg2 Qe3 37. Kg3 Kg6 38. Rhh1 b5 39. Rhe1 Qb3 40.
Rd2 h5 41. gxh5+ Kxh5 42. Re6 Qc4 43. Rh2+ Kg5 44. Rhe2 Qc7+ 45. R2e5+ 1-0

[Event "AUTO-ADV-1917"]
[Site "http://www.queenalice.com/game.php?id=838718"]
[Date "2010.9.27"]
[Round "1"]
[White "Mick_Gray"]
[Black "marcovidica"]
[Result "0-1"]
[WhiteElo "1917"]
[BlackElo "1983"]

1. d4 d5 2. e3 a6 3. c4 dxc4 4. Bxc4 e6 5. Nf3 b5 6. Bd3 Bb4+ 7. Bd2 Bxd2+ 8.
Nbxd2 Nf6 9. a4 bxa4 10. Qxa4+ Bd7 11. Qa3 Bc6 12. O-O Bxf3 13. Nxf3 Qd6 14. Qb3
O-O 15. Qc2 h6 16. e4 Qb6 17. e5 Nd5 18. Bh7+ Kh8 19. Nh4 Qxd4 20. g3 Qxe5 21.
Bd3 Nb4 22. Qc4 Nxd3 23. Qxd3 c6 24. f4 Qxb2 25. Qd6 Qb6+ 26. Kg2 Rd8 27. Qe7
Ra7 28. Qa3 Rad7 29. f5 exf5 30. Nxf5 c5 31. Qc3 f6 32. Nxh6 Rd2+ 33. Kh3 R8d3
34. Nf7+ Kg8 35. Qc4 Rd5 36. Rae1 Kxf7 37. Rf5 Rd4 38. Qxd5+ Rxd5 39. Rxd5 a5
40. Kg4 Qb4+ 0-1

[Event "AUTO-ADV-1917"]
[Site "http://www.queenalice.com/game.php?id=838719"]
[Date "2010.9.27"]
[Round "1"]
[White "marcovidica"]
[Black "FPM"]
[Result "1-0"]
[WhiteElo "2026"]
[BlackElo "1908"]

1. e4 e5 2. Nf3 Nf6 3. Nc3 Nc6 4. a3 Bc5 5. h3 Nd4 6. d3 d6 7. Be3 Nxf3+ 8. Qxf3
Bxe3 9. Qxe3 Be6 10. Be2 a6 11. O-O Qd7 12. b4 O-O 13. Bf3 c6 14. Na4 Rad8 15.
Nb6 Qc7 16. c4 Nd7 17. Nxd7 Rxd7 18. Rfc1 f5 19. exf5 Bxf5 20. Be4 Rdf7 21. Bxf5
Rxf5 22. f3 Qe7 23. Rab1 R8f6 24. d4 Qf7 25. Kh1 exd4 26. Qxd4 Re5 27. c5 Rd5
28. Qg4 Re6 29. cxd6 Rexd6 30. Re1 Rd8 31. Qh4 Qg6 32. Qe4 Qg3 33. Qe6+ Kf8 34.
Qe7+ Kg8 35. Qxb7 Rd2 36. Rg1 h6 37. Qxa6 Rf2 38. Qxc6 Rdd2 39. Qe6+ Kh7 40. Qg4
Qe5 41. Qe4+ Qxe4 42. fxe4 Ra2 43. Ra1 1-0

[Event "AUTO-ADV-1917"]
[Site "http://www.queenalice.com/game.php?id=838720"]
[Date "2010.9.27"]
[Round "1"]
[White "FPM"]
[Black "marcovidica"]
[Result "0-1"]
[WhiteElo "1949"]
[BlackElo "2007"]

1. Nf3 d5 2. d4 e6 3. g3 h6 4. Nc3 Bb4 5. Bd2 Bxc3 6. bxc3 b5 7. a4 bxa4 8. Rxa4
Bd7 9. Ra2 Bb5 10. Qb1 a6 11. e3 Bxf1 12. Kxf1 Nf6 13. Qb7 Nbd7 14. Rxa6 Rxa6
15. Qxa6 O-O 16. c4 dxc4 17. Qxc4 Qa8 18. Kg2 Qb7 19. Rc1 Ne4 20. Be1 Nb6 21.
Qb3 Ng5 22. d5 Nxf3 23. Kxf3 Qxd5+ 24. Ke2 Qh5+ 25. Kf1 Qxh2 26. Qc3 Nd5 27. Qc4
Rc8 28. Ke2 Qh5+ 29. Kf1 Qf3 30. Qd4 c5 31. Qe5 Re8 32. c4 f6 33. cxd5 fxe5 34.
dxe6 Rxe6 35. Rxc5 Ra6 36. Rc2 Rg6 37. Rc8+ Kh7 38. Bc3 Rxg3 0-1

[Event "AUTO-ADV-1917"]
[Site "http://www.queenalice.com/game.php?id=838721"]
[Date "2010.9.27"]
[Round "1"]
[White "marcovidica"]
[Black "Korchnoico"]
[Result "1-0"]
[WhiteElo "2021"]
[BlackElo "1756"]

1. e4 e6 2. Nf3 d5 3. exd5 exd5 4. d4 Be7 5. Bd3 Nf6 6. h3 O-O 7. O-O c6 8. c3
b5 9. b4 Bb7 10. Bg5 h6 11. Bxf6 Bxf6 12. Re1 Re8 13. Nbd2 Nd7 14. a4 Rxe1+ 15.
Qxe1 bxa4 16. Rxa4 Nb6 17. Ra1 Nd7 18. Ba6 Bxa6 19. Rxa6 Qc7 20. Nb3 Nb6 21. Nc5
Nd7 22. Nxd7 Qxd7 23. Ne5 Re8 24. f4 Bd8 25. Qa1 Qf5 26. Rxa7 Rf8 27. Qc1 f6 28.
Nxc6 Qe6 29. Nxd8 Rxd8 30. Ra5 Rc8 31. Rc5 Rb8 32. Kf2 Re8 33. Qd2 Qe4 34. Ra5
Kh7 35. Ra2 Qg6 36. Qc2 f5 37. Qd1 Re4 38. g3 Qe6 39. Re2 Rxe2+ 40. Qxe2 Qc6 41.
Qb2 Qb5 42. g4 fxg4 43. hxg4 Qd7 44. Kg3 Qd6 45. Qd2 Qc6 46. Qe3 Qb7 47. Kh4 Qf7
48. Qe5 Qb7 49. f5 Qc6 50. Qe3 Qf6+ 51. Kh3 Qg5 52. Qxg5 hxg5 53. b5 1-0

[Event "AUTO-ADV-1917"]
[Site "http://www.queenalice.com/game.php?id=838722"]
[Date "2010.9.27"]
[Round "1"]
[White "Korchnoico"]
[Black "marcovidica"]
[Result "0-1"]
[WhiteElo "1604"]
[BlackElo "1981"]

1. c4 e5 2. Nc3 Bc5 3. e3 Nf6 4. d4 exd4 5. exd4 Qe7+ 6. Be2 Bb4 7. Be3 Bxc3+ 8.
bxc3 d6 9. Nf3 h6 10. O-O O-O 11. Re1 b6 12. Qd2 c5 13. Bxh6 gxh6 14. Bd3 Qd8
15. d5 Kg7 16. Bc2 Ba6 17. Qd3 Qd7 18. Nh4 Rh8 19. Nf5+ Kf8 20. Ne7 Qg4 21. f3
Qxc4 22. Qe3 Nbd7 23. Ng6+ fxg6 24. Qe7+ Kg8 25. Bxg6 Qxd5 26. Rad1 Qxa2 27. Ra1
Qc4 28. Re6 Rf8 29. Rae1 h5 30. Qxd6 Qxc3 31. Kh1 h4 32. h3 Qd4 33. Qe7 Bc4 34.
Rd6 Qf4 35. Re4 Nxe4 36. Bxe4 Nf6 37. Bc6 Rh7 38. Qxh7+ Kxh7 0-1

[Event "AUTO-ADV-1917"]
[Site "http://www.queenalice.com/game.php?id=890706"]
[Date "2011.1.24"]
[Round "2"]
[White "ezequiel_2001"]
[Black "marcovidica"]
[Result "1-0"]
[WhiteElo "1937"]
[BlackElo "2032"]

1. e4 e5 2. Nf3 d6 3. Be2 Bg4 4. O-O Bxf3 5. Bxf3 Nf6 6. c3 Nc6 7. d3 h6 8. a3
Be7 9. d4 exd4 10. cxd4 O-O 11. Nc3 a6 12. Bf4 Nh7 13. b4 b5 14. Nd5 Bg5 15. Rc1
Bxf4 16. Nxf4 Qf6 17. Nd5 Qxd4 18. Ne7+ 1-0

[Event "AUTO-ADV-1917"]
[Site "http://www.queenalice.com/game.php?id=890707"]
[Date "2011.1.24"]
[Round "2"]
[White "marcovidica"]
[Black "ezequiel_2001"]
[Result "0-1"]
[WhiteElo "1973"]
[BlackElo "1912"]

1. e4 c5 2. Bc4 e6 3. Nf3 d6 4. d3 Be7 5. O-O Nf6 6. b3 a6 7. d4 Nxe4 8. dxc5
Nxc5 9. Be3 O-O 10. Bxc5 dxc5 11. Qe2 Bf6 12. c3 b5 13. Bd3 b4 14. Qc2 g6 15. a3
Bb7 16. Ne1 Bg7 17. axb4 cxb4 18. cxb4 Bxa1 19. Nc3 Bxc3 20. Qxc3 Qg5 21. Qc7
Bd5 22. Bc4 Bxc4 23. bxc4 h5 24. Nf3 Qd8 25. Ng5 Qxg5 0-1

[Event "AUTO-ADV-1917"]
[Site "http://www.queenalice.com/game.php?id=890710"]
[Date "2011.1.24"]
[Round "2"]
[White "Rubens2009"]
[Black "marcovidica"]
[Result "1-0"]
[WhiteElo "1922"]
[BlackElo "1992"]

1. e4 e5 2. Nf3 d6 3. d4 exd4 4. Nxd4 c5 5. Nb5 a6 6. N5c3 Nf6 7. Be2 Be7 8. O-O
O-O 9. Be3 Qb6 10. b3 Nc6 11. Na3 Be6 12. Bc4 Bxc4 13. Nxc4 Qc7 14. Bf4 Ne8 15.
Nd5 Qd8 16. Ncb6 Rb8 17. c4 Nc7 18. Nxc7 Qxc7 19. Nd5 Qc8 20. Qh5 Qe6 21. Nxe7+
Nxe7 22. Rae1 Ng6 23. Bg3 b5 24. Qf5 1-0

[Event "AUTO-ADV-1917"]
[Site "http://www.queenalice.com/game.php?id=890711"]
[Date "2011.1.24"]
[Round "2"]
[White "marcovidica"]
[Black "Rubens2009"]
[Result "0-1"]
[WhiteElo "2012"]
[BlackElo "1902"]

1. e4 c5 2. Bc4 e6 3. Nf3 Nf6 4. d3 h6 5. O-O a6 6. a4 Nc6 7. c3 Be7 8. Bf4 O-O
9. e5 Nh5 10. Qd2 Nxf4 11. Qxf4 d6 12. exd6 Bxd6 13. Qe3 e5 14. Bd5 Ne7 15. Bc4
Nf5 16. Qe2 Qf6 17. Nbd2 Be6 18. Ne4 Qe7 19. Bxe6 fxe6 20. Nxd6 Qxd6 21. Nxe5
Rf6 22. Nc4 Qc7 23. Rfe1 Re8 24. a5 Nd6 0-1

[Event "Challenge"]
[Site "http://www.queenalice.com/game.php?id=896854"]
[Date "2011.2.6"]
[Round "-"]
[White "cardosorafael"]
[Black "marcovidica"]
[Result "1-0"]
[WhiteElo "1868"]
[BlackElo "1955"]

1. e4 e5 2. Nf3 d6 3. d4 exd4 4. Nxd4 Nf6 5. Nc3 Be7 6. Bc4 O-O 7. O-O c5 8. Nf3
Bg4 9. Re1 Bxf3 10. Qxf3 Nc6 11. Be3 Qc7 12. Rad1 a6 13. Nd5 Nxd5 14. Bxd5 Nb4
15. Rd2 Qb6 16. c3 Nxd5 17. exd5 Rae8 18. Rde2 Qc7 19. Qg3 Bf6 20. Bf4 Rxe2 21.
Rxe2 1-0